MARC

LEADER 00000nam0a2200000 4500
001 360748
005 20250211063216.0
035 |a (RuTPU)RU\TPU\retro\18074 
035 |a RU\TPU\retro\18073 
090 |a 360748 
100 |a 20210429d1975 k y0rusy5003 ca 
101 0 |a rus 
102 |a RU 
105 |a y z 001zy 
200 1 |a Автоматизированные системы обучения  |e [тематический сборник]  |f Московский энергетический институт ; под ред. Ю. Н. Кушелева 
210 |a Москва  |c Изд-во МЭИ  |d 1975 
215 |a 159 с.  |c табл., ил. 
225 1 |a Труды Московского энергетического института (МЭИ)  |v Вып. 261 
320 |a Библиогр. в конце ст. 
500 1 0 |a Труды Московского энергетического института  |9 88841 
606 1 |a Технические средства обучения в высшем учебном заведении  |2 stltpush  |3 (RuTPU)RU\TPU\subj\60105  |9 77595 
610 1 |a разработка 
610 1 |a внедрение 
610 1 |a физиологические особенности 
610 1 |a нагрузки 
610 1 |a студенты 
610 1 |a знания 
610 1 |a контроль 
610 1 |a обучение 
610 1 |a динамический анализ 
610 1 |a прогнозирование 
610 1 |a подготовка кадров 
610 1 |a обучающие программы 
610 1 |a терминальные устройства 
610 1 |a контролирующие устройства 
610 1 |a обучающие машины 
610 1 |a магнитная лента 
610 1 |a графическая информация 
686 |a Ч481.27  |2 rubbk 
702 1 |a Кушелев  |b Ю. Н.  |4 340 
712 0 2 |a Московский энергетический институт  |c (1930-1992)  |3 (RuTPU)RU\TPU\col\20092  |9 27693 
801 0 |a RU  |b 63413507  |c 19950704  |g psbo 
801 1 |a RU  |b 63413507  |c 20060118  |g PSBO 
801 2 |a RU  |b 63413507  |c 20220210  |g PSBO 
942 |c BK